000 00495ntaaa2200193 4500
003 01
005 20251027202747.0
008 0714s1973 ag 01
040 _aAR-BaBN
_bspa
_cAR-BaBN
_eaacr
_dRIC
082 _a793.2000 L65
100 _aLinscott, Mrs Herbert B
_927736
245 _aUp-to-date social affairs
250 _a1 ed.
260 _aPhiladelphia :
_bGeorge W Jacobs Co,
_cc1924
300 _a263 p
500 _aReuniones sociales
650 _arecreación
_918895
942 _cBK
999 _c22902
_d22902